De la ciencia política en Chile: Obra premiada en el Certamen Varela
Furkejuvvon:
| Váldodahkki: | |
|---|---|
| Materiálatiipa: | Girji |
| Giella: | espánnjágiella |
| Almmustuhtton: |
Santiago
Imprenta Gutemberg
1886
|
| Preanttus: | 1a. ed |
| Fáttát: | |
| Fáddágilkorat: |
Lasit fáddágilkoriid
Eai fáddágilkorat, Lasit vuosttaš fáddágilkora!
|
MARC
| LEADER | 00000nam a2200000 a 4500 | ||
|---|---|---|---|
| 001 | UCJ5830 | ||
| 003 | CL-VaPUC | ||
| 008 | 070124e18860000CL |||||||||||||||||spa|d | ||
| 082 | 0 | 4 | |a 983 |b LET |2 21 |
| 100 | |a Letelier Madariaga, Valentín |e author |9 351363 | ||
| 245 | 1 | 0 | |a De la ciencia política en Chile: Obra premiada en el Certamen Varela |
| 250 | |a 1a. ed | ||
| 300 | |a 136 p | ||
| 942 | |c BK | ||
| 945 | |d 20070124 00:00:00 |a rinostro | ||
| 260 | |a Santiago |b Imprenta Gutemberg |c 1886 | ||
| 600 | 0 | 7 | |a VARELA, FEDERICO |2 CL-VaPUC |9 511646 |
| 600 | 0 | 7 | |a CERTAMEN VARELA |2 CL-VaPUC |9 506627 |
| 650 | 0 | |a Política |9 255312 | |
| 650 | 0 | |a Filosofía de la historia |9 265651 | |
| 650 | 7 | |a INSTITUCIONES |2 CL-VaPUC |9 329701 | |
| 650 | 0 | |a Ciencias sociales |9 256351 | |
| 650 | 0 | |a Libertad de enseñanza |9 311567 | |
| 650 | 0 | |a Educación superior |9 223851 | |
| 650 | 0 | |a Historia de Chile |9 265473 | |
| 583 | |a last modification |c 20070124 00:00:00 |k Rodrigo Vera | ||
| 999 | |c 321938 |d 321936 | ||
| 952 | |0 0 |1 0 |4 0 |6 983_000000000000000_LET_1886 |7 0 |8 X |9 400828 |a FDOBUD |b FDOBUD |d 2019-11-22 |i 1040111 |o 983 LET 1886 |p 1040111 |r 2019-11-22 |w 2019-11-22 |y BK_X |k BUD | ||
| 952 | |0 0 |1 0 |4 0 |6 983_000000000000000_LET_1886 |7 0 |8 X |9 400829 |a FDOBUD |b FDOBUD |d 2019-11-22 |i 1040235 |o 983 LET 1886 |p 1040235 |r 2019-11-22 |w 2019-11-22 |y BK_X |k BUD | ||